000 00461ntaaa2200181 4500
003 01
005 20251027202057.0
008 0714s1973 ag 01
040 _aAR-BaBN
_bspa
_cAR-BaBN
_eaacr
_dRIC
082 _a252.0000 M23
100 _aMcLendon, Baxter F
_919333
245 _aDefending the faith and other sermons
250 _a1 ed.
260 _aClinton, S.C. :
_bJacobs and Company,
_c1925
300 _a260 p
650 _asermones
_9362
942 _cBK
999 _c15625
_d15625